Tvorba webovej aplikácie s využitím MVP frameworku Nette

Na minha lista:
Detalhes bibliográficos
Autor principal: Dubovský, Dávid
Formato: Software Livro
Idioma:eslovaco
Publicado em: Bratislava STU FCHPT 2011
Acesso em linha:View in OPAC
Tags: Adicionar Tag
Sem tags, seja o primeiro a adicionar uma tag!

MARC

LEADER 00000nam a2200000 a 4500
005 20260127133932.0
007 co ugu
008 110708 2011 xo 000 0 slo d
035 |a vtls010291101 
039 9 |y 201107081008  |z mschk03 
040 |a STUSCHK1  |b slo  |c STUSCHK1  |e AACR2 
100 1 |a Dubovský, Dávid 
245 1 |a Tvorba webovej aplikácie s využitím MVP frameworku Nette  |c Dávid Dubovský 
260 |a Bratislava  |b STU FCHPT  |c 2011 
300 |a 1 elektronický disk 
500 |a Obháj.: 6.6. 201 
500 |a Študijný program: automatizácia a informatizácia v chémii a potravinárstve 
500 |a Študijný odbor: 5.2.14 automatizácia 
500 |a Miesto vypracovania: Oddelenie informatizácie a riadenia procesov, FCHPT 
500 |a Evidenčné číslo: FCHPT-5414-40177 
500 |a Diplomová práca na CD-ROMe 
910 |a SCHK95 
999 |c 411  |d 411